[Event "SR 3. liga A2 2017/2018"]
[Site "?"]
[Date "2017.10.08"]
[Round "1.1"]
[White "Bugar, Peter"]
[Black "Stanec, Stanislav"]
[Result "0-1"]
[WhiteElo "1763"]
[BlackElo "2046"]
[PlyCount "100"]
[EventDate "2017.??.??"]

1. c4 Nf6 2. Nc3 e5 3. g3 Bc5 4. Bg2 O-O 5. d3 Nc6 6. Nf3 Re8 7. O-O h6 8. a3
a5 9. e3 e4 10. Ne1 exd3 11. Nxd3 Bf8 12. b3 d6 13. Bb2 Bd7 14. Qd2 Qc8 15.
Rfe1 Ne5 16. Nd5 Nxd5 17. cxd5 Bh3 18. Bh1 Qf5 19. Nxe5 dxe5 20. e4 Qg6 21.
Rac1 Bd6 22. Bg2 Bd7 23. Red1 Qg5 24. Qxg5 hxg5 25. h3 g6 26. f3 f5 27. a4 b5
28. axb5 Bxb5 29. Bc3 Reb8 30. Rd2 Bd7 31. Ra2 fxe4 32. fxe4 Rxb3 33. Rxa5 Rab8
34. g4 Rb1 35. Ra1 Rxa1 36. Rxa1 Bc5+ 37. Kh2 Bd4 38. Bxd4 exd4 39. Rd1 Rb4 40.
Bf1 c6 41. Kg3 Kf7 42. Kf3 Kf6 43. Rc1 cxd5 44. exd5 Ke5 45. Bc4 Ra4 46. Re1+
Kd6 47. Rc1 Ra3+ 48. Ke4 Rxh3 49. Rg1 Kc5 50. Re1 Kxc4 0-1

[Event "SR 3. liga A2 2017/2018"]
[Site "?"]
[Date "2017.10.08"]
[Round "1.1"]
[White "Vogl, Zdenek"]
[Black "Viczencz, Peter"]
[Result "1-0"]
[WhiteElo "1951"]
[BlackElo "1762"]
[PlyCount "84"]
[EventDate "2017.??.??"]

1. e4 c5 2. Nf3 e6 3. d4 cxd4 4. Nxd4 Nf6 5. Bd3 Bc5 6. Nb3 Bb6 7. Bg5 Nc6 8.
N1d2 Ne5 9. h3 h6 10. Bh4 O-O 11. Nc4 Nxc4 12. Bxc4 g5 13. e5 gxh4 14. exf6
Qxf6 15. Qg4+ Kh8 16. O-O-O Qg5+ 17. Kb1 Qxg4 18. hxg4 Bxf2 19. Rhf1 Bg3 20.
Bd3 Kg7 21. c4 d6 22. Nd2 Bd7 23. Nf3 Bc6 24. Rh1 Rad8 25. Nxh4 Bxh4 26. Rxh4
Bxg2 27. Rg1 Bc6 28. g5 hxg5 29. Rh7+ Kf6 30. Rf1+ Ke7 31. Bg6 Be8 32. Re1 d5
33. Bd3 Rg8 34. cxd5 Rxd5 35. Bc4 Rd6 36. Re5 Bc6 37. Be2 Rd4 38. Bh5 Be4+ 39.
Rxe4 Rxe4 40. Rxf7+ Kd6 41. Rxb7 g4 42. Rxa7 g3 {cierny telefon} 1-0

[Event "SR 3. liga A2 2017/2018"]
[Site "?"]
[Date "2017.10.08"]
[Round "1.1"]
[White "Mezes, Kristof"]
[Black "Londin, Martin"]
[Result "0-1"]
[WhiteElo "1415"]
[BlackElo "1945"]
[PlyCount "36"]
[EventDate "2017.??.??"]

1. d4 b6 2. c4 e6 3. Nc3 d5 4. Nf3 Bb7 5. e3 Nd7 6. cxd5 exd5 7. Bd3 Ngf6 8.
O-O Be7 9. Re1 O-O 10. e4 dxe4 11. Nxe4 Re8 12. Ne5 Nxe5 13. dxe5 Nxe4 14. Qc2
Ng5 15. f4 Bc5+ 16. Kh1 Nf3 17. Rd1 Qh4 18. h3 Qg3 0-1

[Event "SR 3. liga A2 2017/2018"]
[Site "?"]
[Date "2017.10.08"]
[Round "1.1"]
[White "Planka, Peter"]
[Black "Minarik, Jozef"]
[Result "0-1"]
[WhiteElo "1807"]
[BlackElo "1329"]
[PlyCount "118"]
[EventDate "2017.??.??"]

1. e4 e5 2. Nf3 Nc6 3. Bb5 a6 4. Ba4 Nf6 5. O-O b5 6. Bb3 Be7 7. Re1 d6 8. c3
Na5 9. Bc2 c5 10. d4 Nc6 11. h3 O-O 12. a4 Bd7 13. d5 Na5 14. Nbd2 Qb6 15. b4
cxb4 16. cxb4 Nb7 17. a5 Qc7 18. Bb2 Rfc8 19. Bd3 Qd8 20. Qe2 Rc7 21. Rac1 Rac8
22. Qf1 Nh5 23. Rxc7 Rxc7 24. Rc1 Nf4 25. Rxc7 Qxc7 26. Qb1 Qc8 27. Nh2 Nxd3
28. Qxd3 f5 29. f3 Nd8 30. Nhf1 g5 31. Ne3 f4 32. Nd1 h5 33. Bc3 Nf7 34. Qe2 g4
35. hxg4 hxg4 36. Qf2 Qc7 37. fxg4 Bxg4 38. Nf3 Ng5 39. Qe2 Bf6 40. Be1 Qg7 41.
Qc2 Nxf3+ 42. gxf3 Bxf3+ 43. Kf1 Bg4 44. Nf2 Bd7 45. Qc3 Kf8 46. Nh3 Qh7 47.
Ng1 Qxe4 48. Qd2 Qc4+ 49. Kg2 Bf5 50. Qd1 Be4+ 51. Kh2 Qc2+ 52. Qxc2 Bxc2 53.
Kh3 Bb3 54. Kg4 Bxd5 55. Kf5 Kf7 56. Ne2 Be6+ 57. Ke4 d5+ 58. Kf3 Kg6 59. Nc3
e4+ 0-1

[Event "SR 3. liga A2 2017/2018"]
[Site "?"]
[Date "2017.10.08"]
[Round "1.2"]
[White "Lanc, Alois"]
[Black "Danada, Tomas"]
[Result "1-0"]
[WhiteElo "2307"]
[BlackElo "2214"]
[PlyCount "73"]
[EventDate "2017.??.??"]

1. e4 g6 2. d4 Bg7 3. Nc3 a6 4. f4 d5 5. Nxd5 f5 6. c3 fxe4 7. Ne3 c5 8. dxc5
Qxd1+ 9. Kxd1 Nf6 10. Kc2 Nc6 11. g3 O-O 12. b4 e5 13. Bc4+ Kh8 14. Ne2 Nh5 15.
Nd5 Be6 16. Rb1 exf4 17. gxf4 Ne7 18. Nb6 Bxc4 19. Nxc4 g5 20. Ng3 Nxf4 21.
Nxe4 Ned5 22. Ncd6 Ne2 23. Bd2 Rf3 24. Nxg5 Rf2 25. Nge4 Rg2 26. Kb3 b5 27.
cxb6 Nxb6 28. Rbf1 a5 29. bxa5 Rxa5 30. Rf7 Be5 31. Rb7 Na4 32. Nf7+ Kg8 33.
Nh6+ Kh8 34. Kb4 Rd5 35. Nf7+ Kg8 36. Nxe5 Rxe5 37. Nf6+ 1-0

[Event "SR 3. liga A2 2017/2018"]
[Site "?"]
[Date "2017.10.08"]
[Round "1.2"]
[White "Pribila, Gerhard"]
[Black "Bango, Lukas"]
[Result "1/2-1/2"]
[WhiteElo "2125"]
[BlackElo "2111"]
[PlyCount "74"]
[EventDate "2017.??.??"]

1. d4 Nf6 2. c4 e6 3. Nc3 Bb4 4. Qc2 O-O 5. a3 Bxc3+ 6. Qxc3 d5 7. Bg5 h6 8.
Bxf6 Qxf6 9. e3 c5 10. Nf3 cxd4 11. Qxd4 Qxd4 12. Nxd4 Nc6 13. cxd5 Nxd4 14.
exd4 exd5 15. Bd3 Re8+ 16. Kd2 Bd7 17. Rhe1 Kf8 18. Rxe8+ Rxe8 19. Rc1 Rc8 20.
Rc5 b6 21. Rxc8+ Bxc8 22. Ke3 Ke7 23. h4 Kf6 24. Kf4 Bd7 25. Ba6 g5+ 26. hxg5+
hxg5+ 27. Ke3 Kf5 $11 28. Bd3+ Kf6 29. Be2 Bf5 30. Bf3 Ke6 31. g3 Bc2 32. Bg2
f6 33. f4 Kd6 34. Bf3 Kc6 $11 35. fxg5 fxg5 36. Kd2 Be4 37. Bg4 Bg2 1/2-1/2

[Event "SR 3. liga A2 2017/2018"]
[Site "?"]
[Date "2017.10.08"]
[Round "1.2"]
[White "Sekera, Branislav"]
[Black "Travnicek, Petr"]
[Result "1/2-1/2"]
[WhiteElo "2091"]
[BlackElo "2102"]
[PlyCount "109"]
[EventDate "2017.??.??"]

1. Nf3 Nf6 2. b3 g6 3. Bb2 Bg7 4. e3 O-O 5. d4 d5 6. Bd3 Bg4 7. Nbd2 Re8 8. h3
Bf5 9. Bxf5 gxf5 10. g4 fxg4 11. hxg4 Nxg4 12. Nh4 Nh6 13. Rg1 e6 14. Qh5 Kh8
15. O-O-O Qf6 16. e4 Rg8 17. Kb1 Nd7 18. Ndf3 dxe4 19. Ng5 Qe7 20. Nxe4 Nf6 21.
Nxf6 Qxf6 22. Rg5 Rad8 23. c4 Qxf2 24. Nf3 f6 25. Rgg1 Nf5 26. Rd2 Qe3 27. Re1
Qf4 28. Rh2 Nh6 29. Rxe6 Qf5+ 30. Qxf5 Nxf5 31. d5 Rge8 32. Rhe2 Rxe6 33. Rxe6
Rf8 34. Kc2 Kg8 35. Kd3 Kf7 36. Bd4 a6 37. Ke4 Nd6+ 38. Kf4 Re8 39. Rxe8 Nxe8
40. c5 Bh6+ 41. Kg4 Bc1 42. Nh4 Ng7 43. a4 h5+ 44. Kf3 Bg5 45. Ng2 Nf5 46. Bf2
Kg6 47. b4 Ne7 48. Ke4 Kf7 49. b5 axb5 50. axb5 f5+ 51. Kd4 Bf6+ 52. Kc4 Ng6
53. Bg3 Ne5+ 54. Kb4 Nd3+ 55. Kc4 1/2-1/2

[Event "SR 3. liga A2 2017/2018"]
[Site "?"]
[Date "2017.10.08"]
[Round "1.2"]
[White "Ambros, Rafael"]
[Black "Kozinka, Roman"]
[Result "1/2-1/2"]
[WhiteElo "1989"]
[BlackElo "2000"]
[PlyCount "36"]
[EventDate "2017.??.??"]

1. e4 c5 2. c3 d5 3. exd5 Qxd5 4. d4 e6 5. Nf3 Nf6 6. Be2 Nc6 7. O-O Be7 8. c4
Qd8 9. dxc5 Ne4 10. Be3 O-O 11. Qc2 Nxc5 12. a3 b6 13. Nc3 a6 14. b4 Nd7 15.
Rad1 Qc7 16. Rd2 Bb7 17. Rfd1 Rfd8 18. Na4 Rab8 1/2-1/2

[Event "SR 3. liga A2 2017/2018"]
[Site "?"]
[Date "2017.10.08"]
[Round "1.2"]
[White "Capanda, Jan"]
[Black "Danada, Ondrej"]
[Result "1/2-1/2"]
[WhiteElo "1868"]
[BlackElo "1869"]
[PlyCount "52"]
[EventDate "2017.??.??"]

1. e4 c6 2. Nc3 d5 3. e5 c5 4. f4 Nc6 5. Nf3 Bg4 6. Be2 e6 7. O-O Nge7 8. h3
Bxf3 9. Bxf3 Nf5 10. Ne2 Qh4 11. Kh2 h5 12. c4 O-O-O 13. g3 Qe7 14. cxd5 exd5
15. Nc3 h4 16. g4 Ng3 17. Re1 d4 18. Ne4 Nxe4 19. Rxe4 d3 20. g5 Rd4 21. Qe1
Qd8 22. a3 Rxe4 23. Qxe4 Qd4 24. Qf5+ Kb8 25. Qxf7 Qf2+ 26. Bg2 Qg3+ 1/2-1/2

[Event "SR 3. liga A2 2017/2018"]
[Site "?"]
[Date "2017.10.08"]
[Round "1.2"]
[White "Brunovsky, Peter"]
[Black "Lopatievov, Alexander"]
[Result "0-1"]
[WhiteElo "1853"]
[BlackElo "1859"]
[PlyCount "104"]
[EventDate "2017.??.??"]

1. d4 c6 2. c3 d5 3. Bf4 Nf6 4. e3 Bf5 5. Bd3 Bxd3 6. Qxd3 Nbd7 7. Nf3 Qb6 8.
Qc2 e6 9. h3 c5 10. O-O Be7 11. Nbd2 O-O 12. Qb3 Qa6 13. Bh2 Rac8 14. Rfe1 Ne4
15. Nxe4 dxe4 16. Ne5 Nxe5 17. Bxe5 Rfd8 18. Qc2 f6 19. Bg3 Qc6 20. Qe2 Rd5 21.
f3 Rg5 22. Kh2 a6 23. fxe4 Qxe4 24. Qf3 Qc6 25. Qxc6 Rxc6 26. Rad1 cxd4 27.
exd4 Kf7 28. Re2 Bd6 29. Bxd6 Rxd6 30. Rf1 b5 31. a3 Rdd5 32. Rfe1 e5 33. dxe5
Rgxe5 34. Rxe5 fxe5 35. Re2 Ke6 36. Kg3 Rd3+ 37. Kf2 Kf5 38. Rc2 Kf4 39. Re2 e4
40. Rc2 Rg3 41. Re2 $11 e3+ 42. Ke1 Ke4 43. Kd1 Kd3 44. Ke1 Rg6 45. g4 Rf6 46.
a4 Rf3 47. Rh2 Rf4 48. b3 Kxc3 49. g5 b4 50. h4 Rf2 51. Rh3 Kd3 52. Rh1 Rb2 0-1

[Event "SR 3. liga A2 2017/2018"]
[Site "?"]
[Date "2017.10.08"]
[Round "1.2"]
[White "Bango, Dominik"]
[Black "Kubis, Ivan"]
[Result "0-1"]
[WhiteElo "1779"]
[BlackElo "1897"]
[PlyCount "104"]
[EventDate "2017.??.??"]

1. e4 e5 2. Nf3 Nc6 3. Bb5 a6 4. Ba4 Nf6 5. d3 d6 6. h3 g6 7. O-O Bg7 8. Be3
O-O 9. c3 b5 10. Bc2 Bb7 11. Nbd2 d5 12. Nb3 Re8 13. Re1 Nb8 14. Bg5 Nbd7 15.
Na5 Qc8 16. Bxf6 Bxf6 17. b4 c5 18. Rc1 Rb8 19. a3 Ba8 20. exd5 Bxd5 21. Bb3
Nb6 22. c4 bxc4 23. Nxc4 Nxc4 24. Bxc4 Bxc4 25. Rxc4 Rb5 26. Qc2 Qf5 27. bxc5
Qd7 28. a4 Rbb8 29. Nd2 Bg7 30. Ne4 Qc6 31. Nd6 Red8 32. Rb1 Bf8 33. Rxb8 Rxb8
34. Ne4 Bg7 35. Nd2 f5 36. Nb3 f4 37. Re4 f3 38. Qc4+ Kh8 39. gxf3 Rf8 40. f4
Qc8 41. fxe5 Qxh3 42. Re3 Qf5 43. Qc2 Bxe5 44. Qe2 Qg5+ 45. Kf1 Qh4 46. Ke1
Bc3+ 47. Kd1 Qxa4 48. Qc2 Qg4+ 49. Kc1 Qg1+ 50. Qd1 Qxf2 51. Qe2 Qg1+ 52. Kc2
Rf2 0-1

[Event "SR 3. liga A2 2017/2018"]
[Site "?"]
[Date "2017.10.08"]
[Round "1.2"]
[White "Zajicek, Ferdinand"]
[Black "Gajarsky, Julius"]
[Result "1-0"]
[WhiteElo "1806"]
[BlackElo "1730"]
[PlyCount "145"]
[EventDate "2017.??.??"]

1. e4 c5 2. Nf3 d6 3. Nc3 Nc6 4. d4 cxd4 5. Nxd4 a6 6. Be3 Nf6 7. a3 e5 8. Nf3
Be7 9. Be2 O-O 10. O-O b5 11. Qd2 Bb7 12. Bg5 Ng4 13. Bxe7 Nxe7 14. Rad1 Nf6
15. Qxd6 Qxd6 16. Rxd6 Nxe4 17. Nxe4 Bxe4 18. Nxe5 Bxc2 19. Rc1 Nf5 20. Rd7 Bb3
21. Bd3 Be6 22. Bxf5 Bxf5 23. Re7 Rfe8 24. Rcc7 Rxe7 25. Rxe7 f6 26. g4 Bc2 27.
Nf3 Kf8 28. Rc7 Bd1 29. Kg2 Bb3 30. Kg3 Rb8 31. Nd4 Bd5 32. Nf5 g6 33. Ne3 Bg8
34. Rc6 b4 $2 35. Rxf6+ Ke7 36. Rxa6 b3 37. Rc6 Rd8 38. Rc7+ Kd6 39. Rc3 Ke5
40. Rc1 Rd3 41. Kf3 Rd4 42. Re1 Kf6 43. Rd1 Ra4 44. Nd5+ Ke5 45. Nb4 Ra8 46. h3
Rf8+ 47. Ke3 Re8 48. Rd2 h5 49. Kf3 Rf8+ 50. Ke3 hxg4 51. hxg4 Rc8 52. f4+ Ke6
53. Rd3 Kf6 54. Rd6+ Kf7 55. Nc6 Rc7 56. Kd4 Kg7 57. g5 Bf7 58. a4 Be8 59. Kc5
Rf7 60. Rd4 Rf5+ 61. Kb6 Rf7 62. a5 Rf5 63. Ne5 Kg8 64. a6 Rf8 65. a7 Bf7 66.
Nxf7 Kxf7 67. Kb7 Ke6 68. a8=Q Rf7+ 69. Kb6 Rf8 70. Qe4+ Kf7 71. Rd7+ Kg8 72.
Qe6+ Kh8 73. Qe5+ 1-0

[Event "SR 3. liga A2 2017/2018"]
[Site "?"]
[Date "2017.10.08"]
[Round "1.3"]
[White "Blazek, Milos"]
[Black "Cajka, Tibor"]
[Result "0-1"]
[WhiteElo "2006"]
[BlackElo "2055"]
[PlyCount "131"]
[EventDate "2017.??.??"]

1. e4 c5 2. Nf3 d6 3. d4 cxd4 4. Nxd4 Nf6 5. Nc3 a6 6. h3 e5 7. Nb3 b5 8. Nd5
Nxd5 9. Qxd5 Ra7 10. Be3 Bb7 11. Qd2 Ra8 12. Bd3 Nc6 13. O-O Be7 14. Rad1 O-O
15. f4 Rc8 16. c3 Na5 17. Nxa5 Qxa5 18. a3 Qa4 19. Bc2 Qc4 20. Bd3 Qa4 21. Bc2
$11 Qc4 22. Bd3 Qc6 23. Qf2 f5 24. exf5 e4 25. Bc2 Rxf5 26. Bb3+ Kh8 27. Be6
Rcf8 28. Bxf5 Rxf5 29. Rd2 d5 30. g4 Rf8 31. Bd4 Qh6 32. Qg2 a5 33. Be3 b4 34.
axb4 axb4 35. Ra1 Qc6 36. cxb4 Bxb4 37. Rc2 Qd6 38. Ra7 Ba6 39. Qf2 Bc4 40. Bd4
Rxf4 41. Ra8+ Rf8 42. Rxf8+ Qxf8 43. Qxf8+ Bxf8 44. Kf2 Kg8 45. Rc1 Kf7 46. Ra1
Ke6 47. Ra8 Be7 48. Rb8 Bh4+ 49. Kg2 Bg5 50. b4 Bf4 51. Rc8 Kd7 52. Rf8 g5 53.
Rh8 Bd2 54. Rxh7+ Kc6 55. Rh5 e3 56. Rxg5 e2 57. Rg6+ Kb5 58. Rb6+ Ka4 59. Bf2
e1=Q 60. Bxe1 Bxe1 61. g5 d4 62. g6 d3 63. Rd6 Bxb4 64. Rd7 Kb3 65. g7 d2 66.
Rxd2 0-1

[Event "SR 3. liga A2 2017/2018"]
[Site "?"]
[Date "2017.10.08"]
[Round "1.3"]
[White "Pericka, Tomas"]
[Black "Podjavorinsky, Michal"]
[Result "1-0"]
[WhiteElo "2018"]
[BlackElo "1868"]
[PlyCount "101"]
[EventDate "2017.??.??"]

1. e4 Nf6 2. e5 Nd5 3. Bc4 Nb6 4. Bb3 d5 5. exd6 exd6 6. Qf3 d5 7. Ne2 Be7 8.
O-O c5 9. c3 O-O 10. d4 cxd4 11. cxd4 Nc6 12. Nbc3 Be6 13. Be3 Na5 14. Bc2 Nac4
15. Nf4 Nxe3 16. fxe3 Nc4 17. Nxe6 fxe6 18. Qh3 g6 19. Qxe6+ Kg7 20. Nxd5 Bd6
21. Rxf8 Qxf8 22. Rf1 Bxh2+ 23. Kxh2 Qxf1 24. Nf4 Nd2 25. Qe7+ Kg8 26. Bf5 gxf5
27. Ne6 Nf3+ 28. Kg3 Qe1+ 29. Kxf3 Qd1+ 30. Kf4 Qg4+ 31. Ke5 Qg6 32. Nf4 Qe8
33. Qxe8+ Rxe8+ 34. Ne6 Kf7 35. d5 Ke7 36. Kxf5 Kd6 37. e4 Rc8 38. Kf6 Rc2 39.
Nf4 Rxb2 40. e5+ Kd7 41. e6+ Ke8 42. d6 Rb4 43. Nd5 Re4 44. g4 b5 45. Kf5 Re2
46. Nf6+ Kd8 47. e7+ Rxe7 48. dxe7+ Kxe7 49. Nxh7 b4 50. Nf6 a5 51. Nd5+ 1-0

[Event "SR 3. liga A2 2017/2018"]
[Site "?"]
[Date "2017.10.08"]
[Round "1.3"]
[White "Miciak, Emanuel"]
[Black "Nemeckay, Rastislav"]
[Result "1/2-1/2"]
[WhiteElo "1872"]
[BlackElo "1975"]
[PlyCount "112"]
[EventDate "2017.??.??"]

1. d4 d5 2. Nf3 Nf6 3. c4 c6 4. Nc3 e6 5. e3 Nbd7 6. Bd3 dxc4 7. Bxc4 b5 8. Bd3
a6 9. O-O c5 10. Re1 Bb7 11. Ng5 Be7 12. a3 Qb6 13. Nge4 O-O 14. dxc5 Nxc5 15.
Nxc5 Qxc5 16. Qe2 Rfd8 17. Rd1 Rd7 18. Bxh7+ Kxh7 19. Rxd7 Nxd7 20. Qd3+ Kg8
21. Qxd7 Bc6 22. Qd1 Bf6 23. Bd2 Rd8 24. Qe2 Qd6 25. Be1 Qd3 $11 26. Qxd3 Rxd3
27. Kf1 Bxc3 28. Bxc3 Bd5 29. Rc1 Bc4 30. Ke1 f6 31. Rd1 Kf7 32. Rxd3 Bxd3 33.
Kd2 Bc4 34. e4 e5 35. Ke3 Ke6 36. f4 exf4+ 37. Kxf4 g6 38. h4 Bf1 39. g4 Be2
40. g5 fxg5+ 41. Kxg5 Kf7 42. Kf4 Ke6 43. Ke3 Bf1 44. Kd4 Bg2 45. e5 Bf1 46.
Kc5 Be2 47. Kb6 b4 48. Bxb4 Kxe5 49. Be7 Ke6 50. Bf8 Kd7 51. Kb7 Bf1 52. a4 Bd3
53. b4 Bc2 54. b5 a5 55. Kb6 Bxa4 56. Kxa5 Bd1 1/2-1/2

[Event "SR 3. liga A2 2017/2018"]
[Site "?"]
[Date "2017.10.08"]
[Round "1.3"]
[White "Smrek, Peter"]
[Black "Jarabek, Milan"]
[Result "0-1"]
[WhiteElo "1722"]
[BlackElo "1738"]
[PlyCount "92"]
[EventDate "2017.??.??"]

1. e4 e5 2. Nf3 Nc6 3. Nc3 Nf6 4. Bb5 Bc5 5. d3 d6 6. h3 h6 7. a3 Be6 8. Be3
Bb6 9. Ne2 O-O 10. Qd2 Bxe3 11. fxe3 a6 12. Bxc6 bxc6 13. O-O Rb8 14. b3 Qd7
15. Kh2 d5 16. exd5 cxd5 17. d4 e4 18. Ne5 Qd6 19. g3 Nd7 20. Nxd7 Qxd7 21. Nf4
g5 22. Nxe6 Qxe6 23. Rf2 f5 24. Raf1 Rf7 25. Qe2 Rbf8 26. c4 Qd6 27. c5 Qg6 28.
b4 Kh7 29. a4 h5 30. b5 h4 31. gxh4 f4 32. exf4 gxf4 33. Rg1 f3 34. Qe3 Qh6 35.
Re1 Qxe3 36. Rxe3 axb5 37. axb5 Rb8 38. Rb3 Re7 39. Kg3 e3 40. Rxf3 e2 41. Rbe3
e1=Q+ 42. Rxe1 Rxe1 43. Rf7+ Kg6 44. Rxc7 Rxb5 45. Rd7 Rb3+ 46. Kf2 Ra1 0-1

[Event "SR 3. liga A2 2017/2018"]
[Site "?"]
[Date "2017.10.08"]
[Round "1.3"]
[White "Spacek, Marcel"]
[Black "Podjavorinsky, Peter"]
[Result "0-1"]
[WhiteElo "1793"]
[BlackElo "1661"]
[PlyCount "64"]
[EventDate "2017.??.??"]

1. d4 Nf6 2. c4 g6 3. Nc3 d5 4. cxd5 Nxd5 5. e4 Nxc3 6. bxc3 Bg7 7. Qc2 O-O 8.
Bd3 c5 9. dxc5 Qa5 10. Ne2 Qxc5 11. Be3 Qc7 12. Bd4 e5 13. Be3 Be6 14. O-O Bc4
15. f3 Rd8 16. Bxc4 Qxc4 17. Rfd1 Nc6 18. Qb2 b6 19. Kf2 Na5 20. Rd2 Rd3 21.
Qb4 Rad8 22. Rad1 Rxd2 23. Rxd2 Rxd2 24. Bxd2 Qxa2 25. Bg5 Qc4 26. Qb2 Nb3 27.
Qa2 a5 28. Bd8 Qc5+ 29. Kg3 Qb5 30. c4 Qb4 31. Qc2 Nd4 32. Qd3 Qe1+ 0-1

[Event "SR 3. liga A2 2017/2018"]
[Site "?"]
[Date "2017.10.08"]
[Round "1.3"]
[White "Krchnak, Rudolf"]
[Black "Ulehla, Jakub"]
[Result "1/2-1/2"]
[WhiteElo "1711"]
[BlackElo "1653"]
[PlyCount "37"]
[EventDate "2017.??.??"]

1. d4 Nf6 2. Nc3 d5 3. Bg5 e6 4. e4 Be7 5. e5 Nfd7 6. h4 Na6 7. Qg4 O-O 8. Nf3
f5 9. exf6 Nxf6 10. Bxf6 Bxf6 11. Ne5 c5 12. Bd3 cxd4 13. Qh5 g6 14. Nxg6 hxg6
15. Qxg6+ Bg7 16. Qh7+ Kf7 17. Qg6+ Kg8 18. Qh7+ Kf7 19. Qg6+ 1/2-1/2

[Event "SR 3. liga A2 2017/2018"]
[Site "?"]
[Date "2017.10.08"]
[Round "1.3"]
[White "Celustkova, Lubica"]
[Black "Madzo, Anton"]
[Result "1/2-1/2"]
[WhiteElo "1710"]
[BlackElo "1463"]
[PlyCount "96"]
[EventDate "2017.??.??"]

1. c4 c5 2. Nc3 Nc6 3. g3 e6 4. Bg2 Nf6 5. e3 d5 6. cxd5 exd5 7. d4 cxd4 8.
exd4 Bb4 9. Nge2 O-O 10. O-O Bxc3 11. Nxc3 h6 12. b3 Be6 13. Bb2 Re8 14. Re1
Qd7 15. Na4 b6 16. Rc1 Rac8 17. Nc3 Ne7 18. Ne2 Ng6 19. Rxc8 Rxc8 20. f3 Rc7
21. Qd2 Qc8 22. Rc1 Rxc1+ 23. Qxc1 Qxc1+ 24. Bxc1 Ne7 25. Nf4 Bf5 26. Kf2 g5
27. Ne2 Nc6 28. a3 Be6 29. b4 b5 30. g4 Kg7 31. Ke3 Ne7 32. h3 a6 33. f4 Ne8
34. f5 Bd7 35. Bd2 Nd6 36. Bc1 Bc6 37. Nc3 Nc4+ 38. Kd3 f6 39. Bf3 Kf7 40. Bd1
Nc8 41. a4 Ke7 42. a5 Kd7 43. Bf3 Ne7 44. Ne2 Ng8 45. Ng3 Ke7 46. Nf1 Kd7 47.
Nd2 Nxd2 48. Bxd2 Ne7 1/2-1/2

[Event "SR 3. liga A2 2017/2018"]
[Site "?"]
[Date "2017.10.08"]
[Round "1.4"]
[White "Pagerka, Martin"]
[Black "Doucha, Ludvig"]
[Result "1/2-1/2"]
[WhiteElo "2339"]
[BlackElo "1893"]
[PlyCount "89"]
[EventDate "2017.??.??"]

1. e4 e5 2. f4 Nc6 3. Nf3 f5 4. d4 fxe4 5. Nxe5 Nf6 6. Be2 Bb4+ 7. c3 Be7 8. d5
Nb8 9. Be3 O-O 10. d6 Bxd6 11. Qb3+ Kh8 12. Nf7+ Rxf7 13. Qxf7 Qe7 14. Qxe7
Bxe7 15. O-O d5 16. Nd2 c5 17. Nb3 b6 18. h3 a5 19. g4 a4 20. Nd2 Nc6 21. g5
Ne8 22. Bb5 Bb7 23. f5 Nd6 24. Bxc6 Bxc6 25. f6 Bf8 26. Bf4 gxf6 27. gxf6 Nf7
28. Rae1 Re8 29. Kh2 b5 30. Rg1 d4 31. cxd4 cxd4 32. Rc1 Bd5 33. Rg4 e3 34.
Rcg1 Nh6 35. Bxh6 Bxh6 36. Rxd4 Bxa2 37. Nf3 e2 38. Rgg4 Bb1 39. Ne5 Rf8 40.
Rd8 Bg6 41. Nxg6+ hxg6 42. Rxf8+ Bxf8 43. Re4 Kg8 44. Rxe2 Kf7 45. Kg2 1/2-1/2

[Event "SR 3. liga A2 2017/2018"]
[Site "?"]
[Date "2017.10.08"]
[Round "1.4"]
[White "Bahna, Jan"]
[Black "Gasa, Andrej"]
[Result "0-1"]
[WhiteElo "1855"]
[BlackElo "2259"]
[PlyCount "118"]
[EventDate "2017.??.??"]

1. e4 c5 2. Nc3 a6 3. g3 Nc6 4. Bg2 g6 5. d3 Bg7 6. Nge2 d6 7. Be3 Nf6 8. h3
Rb8 9. Qd2 Qa5 10. O-O O-O 11. Bh6 Bd7 12. Kh2 Rfe8 13. Bxg7 Kxg7 14. f4 Nd4
15. Rad1 Nxe2 16. Qxe2 Qb4 17. Rb1 Qa5 18. a3 b5 19. e5 Ng8 20. Qe1 Qd8 21. g4
b4 22. axb4 cxb4 23. Nd5 a5 24. b3 Rc8 25. Ne3 Bc6 26. Ra1 Bxg2 27. Kxg2 d5 28.
Kh2 e6 29. Qg3 Qc7 30. Rf2 f6 31. f5 exf5 32. Nxd5 Qxe5 33. Qxe5 Rxe5 34. Nb6
Rce8 35. gxf5 Nh6 36. fxg6 hxg6 37. Nc4 Rh5 38. Kg2 Rg5+ 39. Kh2 Rh8 40. Rxa5
Rxa5 41. Nxa5 Ng4+ 42. Kg3 Nxf2 43. Kxf2 Rxh3 44. Kg2 Rh5 45. Nc6 Rb5 46. Kf3
f5 47. d4 g5 48. d5 Rxd5 49. Nxb4 Rd8 50. Nc6 Rd2 51. Nb4 Kg6 52. Ke3 Rd6 53.
Nd3 Re6+ 54. Kf2 f4 55. b4 Kf5 56. b5 Rd6 57. Nb4 g4 58. c3 g3+ 59. Kf3 Rd2 0-1

[Event "SR 3. liga A2 2017/2018"]
[Site "?"]
[Date "2017.10.08"]
[Round "1.4"]
[White "Sebesta, Radovan"]
[Black "Krist, Milan"]
[Result "1/2-1/2"]
[WhiteElo "1989"]
[BlackElo "1817"]
[PlyCount "56"]
[EventDate "2017.??.??"]

1. d4 d5 2. c4 e6 3. Nc3 Nf6 4. cxd5 exd5 5. Bg5 Be7 6. e3 O-O 7. Bd3 h6 8. Bh4
Be6 9. Qc2 Nbd7 10. Nf3 Rc8 11. O-O c5 12. Rac1 a6 13. dxc5 Nxc5 14. Bf5 Nce4
15. Bxe4 Nxe4 16. Bxe7 Qxe7 17. Qd3 Nxc3 18. Rxc3 Rxc3 19. Qxc3 Rc8 20. Qd2 Qc5
21. Nd4 Qc4 22. a3 Qa4 23. Rc1 Rxc1+ 24. Qxc1 Qc4 25. Qd2 Qa2 26. h3 Qc4 27.
Kh2 Qc7+ 28. g3 Qc4 1/2-1/2

[Event "SR 3. liga A2 2017/2018"]
[Site "?"]
[Date "2017.10.08"]
[Round "1.4"]
[White "Babirat, Michal"]
[Black "Palka, Martin"]
[Result "1/2-1/2"]
[WhiteElo "1830"]
[BlackElo "1874"]
[PlyCount "54"]
[EventDate "2017.??.??"]

1. c4 e6 2. Nc3 d5 3. d4 Nf6 4. Nf3 Nbd7 5. Bg5 Be7 6. e3 O-O 7. Bd3 a6 8. c5
Re8 9. O-O Nf8 10. Ne5 N6d7 11. Bxe7 Qxe7 12. f4 f6 13. Nxd7 Bxd7 14. b4 Rad8
15. Qd2 c6 16. Rae1 e5 17. fxe5 fxe5 18. Qf2 e4 19. Be2 Be6 20. Bh5 g6 21. Bd1
Nd7 22. Qg3 Qg7 23. Rf2 Rf8 24. Ref1 Rxf2 25. Rxf2 Rf8 26. Rxf8+ Nxf8 27. Ne2
h6 1/2-1/2

[Event "SR 3. liga A2 2017/2018"]
[Site "?"]
[Date "2017.10.08"]
[Round "1.4"]
[White "Skapikova, Lubica"]
[Black "Hornik, Andrej"]
[Result "1-0"]
[WhiteElo "1875"]
[BlackElo "1764"]
[PlyCount "109"]
[EventDate "2017.??.??"]

1. e4 e5 2. Nf3 Nc6 3. Bb5 d6 4. O-O Bd7 5. c3 Nf6 6. Re1 Be7 7. d3 O-O 8. Nbd2
a6 9. Ba4 b5 10. Bb3 Na5 11. Bc2 c5 12. Nf1 Bg4 13. h3 Bh5 14. Ng3 Bg6 15. Bg5
h6 16. Be3 Nc6 17. Nh4 a5 18. Nhf5 Re8 19. a4 b4 20. Bb3 Rb8 21. Nh4 Kh7 22.
Ngf5 bxc3 23. bxc3 Bh5 24. g4 Nxe4 25. dxe4 Bxh4 26. gxh5 Bg5 27. Bxf7 Rf8 28.
Bg6+ Kh8 29. Qxd6 Qxd6 30. Nxd6 Bxe3 31. Rxe3 Rb2 32. Bf5 Rf6 33. Rd3 Rb3 34.
Nb5 c4 35. Rdd1 Kg8 36. Rab1 Rxb1 37. Rxb1 Ne7 38. Bg4 g6 39. Nc7 gxh5 40. Bxh5
Rc6 41. Rb8+ Kg7 42. Ne8+ Kf8 43. Nf6+ Kg7 44. Ng4 Ng6 45. Rb7+ Kf8 46. Nxh6
Ne7 47. Nf5 Nc8 48. Rf7+ Kg8 49. Ne7+ Nxe7 50. Rxe7 Rc5 51. h4 Kf8 52. Rf7+ Kg8
53. Bg6 Rc6 54. h5 Rb6 55. Rc7 1-0

[Event "SR 3. liga A2 2017/2018"]
[Site "?"]
[Date "2017.10.08"]
[Round "1.4"]
[White "Suchan, Jozef"]
[Black "Lanik, Miroslav"]
[Result "1-0"]
[WhiteElo "1751"]
[BlackElo "1840"]
[PlyCount "53"]
[EventDate "2017.??.??"]

1. d4 d5 2. c4 c6 3. e3 Nf6 4. Nf3 e6 5. Bd3 Nbd7 6. O-O dxc4 7. Bxc4 b5 8. Bd3
Bd6 9. Nc3 O-O 10. a3 Bb7 11. Ne4 Nxe4 12. Bxe4 Nf6 13. Bd3 Qc7 14. e4 e5 15.
dxe5 Bxe5 16. Nxe5 Qxe5 17. Qe2 Rad8 18. Be3 a6 19. Rac1 Rfe8 20. f4 Qe6 21. e5
Nd5 22. Bc5 g6 23. Rce1 Ne7 24. Bxe7 Qxe7 25. f5 Rd5 26. e6 gxf5 27. exf7+ 1-0

[Event "SR 3. liga A2 2017/2018"]
[Site "?"]
[Date "2017.10.08"]
[Round "1.4"]
[White "Kir, Kvetoslav"]
[Black "Ganzova, Veronika"]
[Result "1/2-1/2"]
[WhiteElo "1761"]
[BlackElo "1598"]
[PlyCount "44"]
[EventDate "2017.??.??"]

1. d4 d5 2. c4 e6 3. Nc3 Nf6 4. e3 Be7 5. Nf3 Nbd7 6. Bd3 O-O 7. O-O dxc4 8.
Bxc4 b6 9. b3 Bb7 10. Bb2 c5 11. Qe2 cxd4 12. exd4 Re8 13. Ne5 Nxe5 14. dxe5
Nd7 15. Rfd1 Qc7 16. Bb5 Bc6 17. Rac1 Rac8 18. Ba6 Bb7 19. Bb5 Bc6 20. Ba6 Bb7
21. Ne4 Bxa6 22. Qxa6 Nb8 1/2-1/2